MARC

Tag First Indicator Second Indicator Subfields
LEADER 00000cam a2200000 i 4500
001 in00003454366
005 20211120171932.0
006 m o d f
007 cr bn|||||||||
008 140410s2012 dcua o f000 0 eng c
035 |a (OCoLC)ocn876286404 
040 |a GPO  |b eng  |e rda  |e pn  |c GPO  |d GPO  |d MvI  |d UtOrBLW 
042 |a pcc 
043 |a n-us--- 
049 |a WWW 
074 |a 0901-B-16 (online) 
086 0 |a SBA 1.54:12-20 R 
110 1 |a United States.  |b Small Business Administration.  |b Office of Inspector General,  |e author. 
245 1 0 |a Addressing performance problems of high-risk lenders remains a challenge for the Small Business Administration. 
264 1 |a Washington, District of Columbia :  |b U.S. Small Business Administration, Office of Inspector General,  |c 2012. 
300 |a 1 online resource (29 pages) :  |b illustrations. 
336 |a text  |b txt  |2 rdacontent 
337 |a computer  |b c  |2 rdamedia 
338 |a online resource  |b cr  |2 rdacarrier 
490 1 |a Report ;  |v number 12-20R 
490 1 |a Performance audit report 
500 |a "For official use only." 
500 |a "Date September 28, 2012." 
500 |a Title from title screen (viewed on Apr. 10, 2014). 
500 |a "Performance audit report." 
610 1 0 |a United States.  |b Small Business Administration  |x Auditing. 
650 0 |a Government lending  |z United States. 
650 0 |a Financial risk management  |z United States. 
650 0 |a Federal aid to small business  |z United States  |x Management. 
830 0 |a Performance audit report (United States. Small Business Administration. Office of Inspector General) 
830 0 |a Report (United States. Small Business Administration. Office of Inspector General) ;  |v no. 12-20R. 
856 4 0 |u https://purl.fdlp.gov/GPO/gpo47718  |t 0 
999 |a MARS 
999 f f |s 7665ff1a-6f33-3924-86c1-ae863a867e33  |i 90c558cf-6c3f-3f15-8294-4b67c691dfa7  |t 0 
952 f f |a Texas A&M University  |b College Station  |c Electronic Resources  |d Available Online  |t 0  |e SBA 1.54:12-20 R  |h Superintendent of Documents classification 
998 f f |a SBA 1.54:12-20 R  |t 0  |l Available Online